Statistics for Odd One Out (Planet Edition)

Click here to take the quiz!

General Stats

  • This quiz has been taken 1,010 times
  • The average score is 2 of 8

Answer Stats

QuestionAnswer% Correct
Which is the odd one out?Pluto
45%
Which is the odd one out?Earth
44%
Which is the odd one out?Earth
34%
Which is the odd one out?Venus
30%
Which is the odd one out?Mercury
28%
Which is the odd one out?Venus
28%
Which is the odd one out?Uranus
22%
Which is the odd one out?Saturn
15%

Score Distribution

Percentile by Number Answered

Percent of People with Each Score

Your Score History

You have not taken this quiz